India in the Indian Ocean World (Record no. 3247)
[ view plain ]
| 000 -LEADER | |
|---|---|
| fixed length control field | 03184nam a22004215i 4500 |
| 007 - PHYSICAL DESCRIPTION FIXED FIELD--GENERAL INFORMATION | |
| fixed length control field | cr nn 008mamaa |
| 008 - FIXED-LENGTH DATA ELEMENTS--GENERAL INFORMATION | |
| fixed length control field | 220303s2022 si | s |||| 0|eng d |
| 020 ## - INTERNATIONAL STANDARD BOOK NUMBER | |
| International Standard Book Number | 9789811665813 |
| -- | 978-981-16-6581-3 |
| 040 ## - CATALOGING SOURCE | |
| Original cataloging agency | IMU Kochi Library |
| Language of cataloging | eng |
| 041 0# - LANGUAGE CODE | |
| Language code of text/sound track or separate title | eng |
| 082 04 - DEWEY DECIMAL CLASSIFICATION NUMBER | |
| Classification number | 954 |
| Edition number | 23 |
| 100 1# - MAIN ENTRY--PERSONAL NAME | |
| Personal name | Mukherjee, Rila. |
| 245 10 - TITLE STATEMENT | |
| Title | India in the Indian Ocean World |
| Medium | [electronic resource] : |
| Sub Title | From the Earliest Times to 1800 CE / |
| 250 ## - EDITION STATEMENT | |
| Edition statement | 1st ed. 2022. |
| 300 ## - PHYSICAL DESCRIPTION | |
| Extent | XXVI, 410 p. 55 illus., 23 illus. in color. |
| Other physical details | online resource. |
| 505 0# - FORMATTED CONTENTS NOTE | |
| Formatted contents note | 1. Introduction -- 2. India in the Indian Ocean world -- 3. Indian Ocean History-Writing -- 4. From Sail to Steam -- 5. India in the Indian Ocean world: The archaeological record -- 6. India in the Indian Ocean world: The classical period -- 7. India in the Indian Ocean world: The early medieval period upto 1300 -- 8. From an Indian Ocean Realm to an Indian Ocean World: Changes 1300-1500 -- 9. 1500-1800: The Age of European Ascendance -- 10. Redrawing the Indian Ocean: imperialism, colonialism and the settlement of sea spaces -- 11. The current state of Indian Ocean history writing. |
| 520 ## - SUMMARY, ETC. | |
| Summary, etc | The book integrates the latest scholarly literature on the entire Indian Ocean region, from East Africa to China. Issues such as India's history, India's changing status in the region, and India's cross-cultural networking over a long period are explored in this book. It is organized in specific themes in thirteen chapters. It incorporates a wealth of research on India's strategic significance in the Indian Ocean arena throughout history. It enriches the reader's understanding of the emergence of the Indian Ocean basin as a global arena for cross-cultural networking and nation-building. It discusses issues of trade and commerce, the circulation of ideas, peoples and objects, and social and religious themes, focusing on Hinduism, Buddhism, and Islam. The book provides a refreshingly different survey of India's connected history in the Indian Ocean region starting from the archaeological record and ending with the coming of empire. The author's unique experience, combined with an engaging writing style, makes the book highly readable. The book contributes to the field of global history and is of great interest to researchers, policymakers, teachers, and students across the fields of political, cultural, and economic history and strategic studies. |
| 650 #0 - SUBJECT ADDED ENTRY--TOPICAL TERM | |
| Topical term or geographic name as entry element | Asia |
| General subdivision | History. |
| 650 #0 - SUBJECT ADDED ENTRY--TOPICAL TERM | |
| Topical term or geographic name as entry element | Ethnology. |
| 650 #0 - SUBJECT ADDED ENTRY--TOPICAL TERM | |
| Topical term or geographic name as entry element | Economic history. |
| 650 #0 - SUBJECT ADDED ENTRY--TOPICAL TERM | |
| Topical term or geographic name as entry element | Human geography. |
| 650 #0 - SUBJECT ADDED ENTRY--TOPICAL TERM | |
| Topical term or geographic name as entry element | Cultural geography. |
| 650 14 - SUBJECT ADDED ENTRY--TOPICAL TERM | |
| Topical term or geographic name as entry element | History of South Asia. |
| 650 24 - SUBJECT ADDED ENTRY--TOPICAL TERM | |
| Topical term or geographic name as entry element | Sociocultural Anthropology. |
| 650 24 - SUBJECT ADDED ENTRY--TOPICAL TERM | |
| Topical term or geographic name as entry element | Economic History. |
| 650 24 - SUBJECT ADDED ENTRY--TOPICAL TERM | |
| Topical term or geographic name as entry element | Social and Cultural Geography. |
| 852 ## - LOCATION/CALL NUMBER | |
| Location | IMU Kochi Library |
| 856 40 - ELECTRONIC LOCATION AND ACCESS | |
| Uniform Resource Identifier | <a href="https://doi.org/10.1007/978-981-16-6581-3">https://doi.org/10.1007/978-981-16-6581-3</a> |
| 904 ## - LOCAL DATA ELEMENT D, LDD (RLIN) | |
| CATALOGER | Rudra Ranjan |
| 905 ## - LOCAL DATA ELEMENT E, LDE (RLIN) | |
| VERIFIER | Rudra Ranjan |
| 942 ## - ADDED ENTRY ELEMENTS (KOHA) | |
| Item type | E-Book |
| 264 #1 - | |
| -- | Singapore : |
| -- | Springer Nature Singapore : |
| -- | Imprint: Springer, |
| -- | 2022. |
| 338 ## - | |
| -- | online resource |
No items available.